• 首页
  • 本馆介绍
  • 公告通知
  • 最新文献
  • 馆藏检索
  • 电子资源
  • 读者荐购
  • 参考咨询
  • CALIS
  • 我的图书馆
  • 登录
  • 详细信息显示
  • 放入我的书架
  • 预约/预借图书
  • 作者相关作品
  • 分类相关作品
  • 丛书相关作品
  • 出版社相关作品

书目信息

  • 表格格式
  • 工作单格式
  • 卡片格式
题名:
旅游资源开发与管理
    
 
作者: 闻飞 , 朱国兴 主编
分册:  
出版信息: 合肥   合肥工业大学出版社  2009.02
页数: 282页
开本: 23cm
丛书名:
单 册:
中图分类: F590.3
科图分类:
主题词: 旅游资源--lu you zi yuan--资源开发--高等学校--教材 , 旅游资源--lu you zi yuan--资源管理--高等学校--教材
电子资源:
ISBN: 978-7-81093-860-0
 
 
 
 
 
000 01289nam0 2200277 450
001 012009638930
005 20090623211925.12
010    @a978-7-81093-860-0@dCNY28.00
100    @a20090623d2009 em y0chi0120 ea
101 0  @achi
102    @aCN@b340000
105    @aak a 000yy
106    @ar
200 1  @a旅游资源开发与管理@Alu you zi yuan kai fa yu guan li@f闻飞, 朱国兴主编@Fwen fei,zhu guo xing zhu bian
210    @a合肥@c合肥工业大学出版社@d2009.02
215    @a282页@c图@d23cm
300    @a安徽省高校“十一五”省级规划教材 当代旅游学规划教程
320    @a有书目 (第279-280页)
330    @a本书的分为上中下三篇,上篇:旅游资源概述,共4章,主要从绪论、旅游资源的分类、自然旅游资源、人文旅游资源四方面展开。中篇:旅游资源开发,共5章,主要从旅游资源开发概论、旅游资源调查与评价、旅游资源开发可行性研究、旅游目的地形象定位、旅游地市场分析与定位五方面展开论述。下篇:旅游资源管理,共2章,主要突出了旅游资源质量管理、旅游资源环境管理在旅游资源管理中的重要性。本丛书共13册。
606 0  @a旅游资源@Alu you zi yuan@x资源开发@x高等学校@j教材
606 0  @a旅游资源@Alu you zi yuan@x资源管理@x高等学校@j教材
690    @aF590.3@v4
701  0 @a闻飞@Awen fei@4主编
701  0 @a朱国兴@Azhu guo xing@4主编
801  0 @aCN@bQSSK@c20090623
905    @b748791-93@dF590.3@eW678@f3
    
    旅游资源开发与管理/闻飞, 朱国兴主编.-合肥:合肥工业大学出版社,2009.02
    282页:图;23cm
    安徽省高校“十一五”省级规划教材 当代旅游学规划教程
    
    ISBN 978-7-81093-860-0:CNY28.00
    本书的分为上中下三篇,上篇:旅游资源概述,共4章,主要从绪论、旅游资源的分类、自然旅游资源、人文旅游资源四方面展开。中篇:旅游资源开发,共5章,主要从旅游资源开发概论、旅游资源调查与评价、旅游资源开发可行性研究、旅游目的地形象定位、旅游地市场分析与定位五方面展开论述。下篇:旅游资源管理,共2章,主要突出了旅游资源质量管理、旅游资源环境管理在旅游资源管理中的重要性。本丛书共13册。
●
相关链接 在E读中查询图书 在当当中查询图书 在豆瓣中查询图书


正题名:旅游资源开发与管理     索取号:F590.3/W678         预约/预借

序号 登录号 条形码 馆藏地/架位号 状态 备注
1 748791   207487913   社科库409/409社科库 38排7列5层/ [索取号:F590.3/W678] 在馆    
2 748792   207487922   社科库409/409社科库 38排7列5层/ [索取号:F590.3/W678] 在馆    
3 748793   207487931   社科二线422/422社科库 11排1列1层/ [索取号:F590.3/W678] 在馆    
河南城建学院图书馆 欢迎您!
大连网信软件有限公司© 版权所有